000 00400nam a2200145Ia 4500
008 230917s9999||||xx |||||||||||||| ||und||
040 _e202399
_aMAIN
041 _aEnglish
082 _a320.50954 S64I
100 _aSingh, Mahendra Prasad, ed.
245 0 _aIndian political thought: Themes and thinkers
260 _aNew Delhi
_bPearson Education
_c2011
300 _axxvii, 276 p.
942 _cBK
999 _c173332
_d173332